[Event "AUTO-ADV-4900"]
[Site "http://www.queenalice.com/game.php?id=1864729"]
[Date "2025.10.25"]
[Round "1"]
[White "kuntakinte"]
[Black "Tonto"]
[Result "0-1"]
[WhiteElo "1748"]
[BlackElo "1959"]

1. e4 e5 2. Nf3 Nc6 3. Bc4 Be7 4. O-O Nf6 5. d3 d6 6. h3 Na5 7. c3 Nxc4 8. dxc4
Nxe4 9. Be3 O-O 10. Nbd2 Nxd2 11. Qxd2 e4 12. Ng5 Bf5 13. Qd5 Bxg5 14. Qxf5 Bxe3
15. fxe3 Qe7 16. Rf4 Qe6 17. Qxe4 Rfe8 18. Qxb7 Qxe3+ 19. Rf2 Rab8 20. Qxc7 Rf8
21. b3 Qxc3 22. Raf1 Qd4 23. Kh1 f6 24. Rf4 Qb6 25. Qd7 Rbd8 26. Qf5 d5 27. Rh4
g6 28. Qf4 d4 29. Qh6 Rf7 30. Re4 Qc6 31. Qh4 d3 32. Rd4 Rxd4 33. Qxd4 Rd7 34.
Qc3 Kf7 35. Rd1 Qe4 36. Rf1 f5 37. Qh8 Ke6 38. Qa1 d2 39. Rd1 Qe2 40. Kh2 h5 41.
Qb2 Qxd1 0-1

[Event "AUTO-ADV-4900"]
[Site "http://www.queenalice.com/game.php?id=1864730"]
[Date "2025.10.25"]
[Round "1"]
[White "Tonto"]
[Black "kuntakinte"]
[Result "1-0"]
[WhiteElo "1960"]
[BlackElo "1740"]

1. e4 e5 2. Nf3 d6 3. Be2 Nc6 4. Nc3 Nf6 5. d3 h6 6. Be3 a6 7. Qd2 d5 8. exd5
Nxd5 9. Nxd5 Qxd5 10. c4 Qe6 11. O-O Bb4 12. Qc2 O-O 13. c5 Bd7 14. d4 Qg6 15.
Qxg6 fxg6 16. d5 Nd4 17. Nxd4 exd4 18. Bxd4 c6 19. a3 Bd2 20. dxc6 Bxc6 21. Bd3
Kh7 22. h4 h5 23. b4 Rad8 24. Rfd1 Bh6 25. Be3 Ba4 26. Rd2 Rde8 27. Re1 Rd8 28.
g3 Rf6 29. Bxg6+ Rxg6 30. Rxd8 Rc6 31. Rd7 b5 32. cxb6 Rxb6 33. Bxb6 Bxd7 34.
Re7 Bc6 35. Re5 Bf3 36. Be3 Bxe3 37. Rxe3 Bb7 38. Re6 Bc8 39. Rb6 1-0

[Event "AUTO-ADV-4900"]
[Site "http://www.queenalice.com/game.php?id=1864741"]
[Date "2025.10.25"]
[Round "1"]
[White "miguel7"]
[Black "Tonto"]
[Result "0-1"]
[WhiteElo "1849"]
[BlackElo "2023"]

1. e4 e5 2. Nf3 Nc6 3. Bb5 d6 4. d4 Bd7 5. Bc4 exd4 6. Ng5 Ne5 7. Qxd4 Nh6 8. h3
Be7 9. f4 Bf6 10. fxe5 Bxg5 11. Nd2 O-O 12. exd6 Bh4+ 13. Ke2 cxd6 14. Nf3 Bf6
15. Qd3 Qb6 16. e5 Rfe8 17. Bxh6 g6 18. b3 Be6 19. Bxe6 Rxe6 20. Be3 Qc6 21.
exf6 Rae8 22. Kf2 Rxe3 23. Nd4 Rxd3 24. Nxc6 bxc6 25. Rae1 Rd2+ 26. Kg3 Ree2 27.
Kf3 Rxe1 28. Rxe1 Kf8 29. Re7 a5 30. Rc7 Ke8 31. Rxc6 Kd7 32. Rc3 Ke6 33. g4
Kxf6 34. h4 Rh2 35. g5+ Kf5 36. Kg3 Rh1 37. Rf3+ Ke6 38. Rf2 Rg1+ 39. Kf4 Rh1
40. Kg3 Ra1 41. a4 d5 42. Kf4 f5 43. Re2+ Kd6 44. c4 d4 45. Re5 Rf1+ 0-1

[Event "AUTO-ADV-4900"]
[Site "http://www.queenalice.com/game.php?id=1864749"]
[Date "2025.10.25"]
[Round "1"]
[White "Tonto"]
[Black "SGF"]
[Result "1-0"]
[WhiteElo "1983"]
[BlackElo "1751"]

1. e4 e5 2. Nf3 Qf6 3. Be2 d6 4. b3 Be7 5. Bb2 Qg6 6. g3 Qxe4 7. d3 Qb4+ 8. c3
Qb6 9. Nbd2 h5 10. Nc4 Qc6 11. d4 exd4 12. cxd4 Be6 13. Ne3 a5 14. d5 Bxd5 15.
Nxd5 Nf6 16. Rc1 Qxd5 17. Rxc7 Qxd1+ 18. Kxd1 Ra7 19. Rc8+ Bd8 20. Rxb8 O-O 21.
Rg1 Ne4 22. Bd4 Nc5 23. Ne5 Bb6 24. Rxf8+ Kxf8 25. Bxc5 Bxc5 26. Nd7+ Ke7 27.
Nxc5 dxc5 28. g4 h4 29. f4 f6 30. g5 fxg5 31. Rxg5 Kf6 32. Rxc5 b6 33. Rc6+ Kf5
34. Rxb6 Kxf4 35. Rg6 Ke3 36. Rg4 Rd7+ 37. Ke1 h3 38. Rg3+ Kf4 39. Rxh3 g5 40.
Rf3+ Ke4 41. Rg3 Kf4 42. Rg4+ Kf5 43. h3 Rc7 44. Ra4 Rc5 45. Rc4 Re5 46. Kf2 Kg6
47. Bg4 Kf6 48. Rc6+ Kf7 49. a3 Rb5 50. Be6+ Kg7 51. Kg3 Re5 52. Kf3 Kh6 53.
Bg4+ Kg7 54. Ra6 Rb5 55. Be6 Kf8 56. Ra7 Re5 57. Bc4 Rc5 58. a4 Ke8 59. Bb5+ Kd8
60. Rxa5 Rc3+ 61. Kg4 Rxb3 62. Kxg5 Rxh3 63. Ra8+ Kc7 64. Kg4 Ra3 65. Ra6 Kb7
66. Rh6 Ka7 67. Kf4 Ra1 68. Ke4 Kb7 69. Kd5 Kc7 70. Kc5 Rc1+ 71. Kb4 Rb1+ 72.
Ka5 Kb7 73. Rh7+ Kc8 74. Kb6 Rd1 75. a5 Rd6+ 76. Bc6 Rd1 77. Rh8+ Rd8 78. Rxd8+
Kxd8 79. a6 Ke7 80. a7 Kd6 81. a8=Q Ke6 82. Qd8 Ke5 83. Qd5+ Kf4 84. Qe4+ Kg3
85. Qf3+ Kh4 86. Qg2 Kh5 87. Bf3+ Kh6 88. Be4 Kh5 89. Qg3 Kh6 90. Qg6# 1-0

[Event "AUTO-ADV-4900"]
[Site "http://www.queenalice.com/game.php?id=1864750"]
[Date "2025.10.25"]
[Round "1"]
[White "SGF"]
[Black "Tonto"]
[Result "0-1"]
[WhiteElo "1720"]
[BlackElo "2017"]

1. e4 e5 2. Qf3 Nf6 3. d3 d6 4. Be2 Nc6 5. c3 Be7 6. Qg3 g6 7. h4 Be6 8. h5 gxh5
9. Bxh5 Qd7 10. Qg7 Rf8 11. Bg5 Nxh5 12. Rxh5 O-O-O 13. Bxe7 Qxe7 14. Rxh7 Rd7
15. Rh8 Rxh8 16. Qxh8+ Rd8 17. Qh6 d5 18. Nd2 d4 19. a4 dxc3 20. bxc3 Rxd3 21.
Rc1 b6 22. Ke2 Qa3 23. Kxd3 Qxc1 24. Ngf3 Qa3 25. Qh8+ Kb7 26. Nxe5 Qd6+ 27. Kc2
Nxe5 28. f4 Qd3+ 29. Kd1 Bb3+ 30. Ke1 Qe3+ 31. Kf1 Ng4 32. Qd4 Nh2# 0-1

[Event "AUTO-OPEN-4621"]
[Site "http://www.queenalice.com/game.php?id=1864793"]
[Date "2025.10.28"]
[Round "1"]
[White "Tonto"]
[Black "game"]
[Result "1-0"]
[WhiteElo "1989"]
[BlackElo "1453"]

1. e4 d6 2. d4 Nc6 3. d5 Ne5 4. Be2 Nf6 5. Nc3 e6 6. dxe6 Bxe6 7. Be3 Nfg4 8.
Bf4 Qh4 9. g3 Qh5 10. h3 f5 11. exf5 Bxf5 12. Nd5 Be4 13. f3 c6 14. Nc7+ Kd7 15.
Nxa8 Nf2 16. Kxf2 d5 17. fxe4 Qe8 18. Bxe5 Qxa8 19. Bg4+ Ke8 20. Qf3 Be7 21.
Bh5+ Kd8 22. exd5 g5 23. Bxh8 Kc7 24. Be5+ Bd6 25. Qf7+ Kb6 26. Bd4+ c5 27. Be3
Qf8 28. Qxf8 Bxf8 29. b4 1-0

[Event "AUTO-OPEN-4621"]
[Site "http://www.queenalice.com/game.php?id=1864794"]
[Date "2025.10.28"]
[Round "1"]
[White "game"]
[Black "Tonto"]
[Result "0-1"]
[WhiteElo "1602"]
[BlackElo "1992"]

1. e4 e5 2. Nf3 Nc6 3. Bc4 Be7 4. d4 exd4 5. Nxd4 Ne5 6. Bb3 d6 7. f4 Bg4 8. Qd2
Bh4+ 9. g3 c5 10. fxe5 cxd4 11. gxh4 Qxh4+ 12. Kf1 Bh3+ 13. Ke2 Qxe4+ 14. Kd1
Bg4+ 15. Qe2 Qxe2# 0-1

[Event "AUTO-OPEN-4623"]
[Site "http://www.queenalice.com/game.php?id=1865302"]
[Date "2025.11.8"]
[Round "1"]
[White "askasl159"]
[Black "Tonto"]
[Result "1-0"]
[WhiteElo "1787"]
[BlackElo "1978"]

1. e4 e5 2. f4 exf4 3. Nf3 d6 4. Bc4 Bg4 5. O-O Be7 6. d4 Nc6 7. Bxf4 Nf6 8. Nc3
O-O 9. h3 Bh5 10. Rf2 Bg6 11. Re2 Bh5 12. Re3 Re8 13. e5 Nxd4 14. Qxd4 c5 15.
Qd3 Bxf3 16. Rxf3 dxe5 17. Bxe5 Qb6 18. b3 Rad8 19. Qf5 Kf8 20. Nd5 Rxd5 21.
Bxd5 Rd8 22. Bxf6 Qxf6 23. Raf1 Qd4+ 24. Kh1 f6 25. Rd3 Qb2 26. Qxh7 Ke8 27.
Qg8+ Kd7 28. Qe6+ Kc7 29. Qxe7+ Rd7 30. Qxc5+ Kd8 31. Re1 b6 32. Qf8+ Kc7 33.
Re6 Qc1+ 34. Kh2 Qf4+ 35. Rg3 Rxd5 36. Qxg7+ Rd7 37. Rxf6 Qd2 38. Rf7 Rxf7 39.
Qxf7+ Kc6 40. Qc4+ Kd6 41. Rg6+ Ke5 42. Re6+ Kf5 43. Qe4+ 1-0

[Event "AUTO-OPEN-4623"]
[Site "http://www.queenalice.com/game.php?id=1865303"]
[Date "2025.11.8"]
[Round "1"]
[White "Tonto"]
[Black "askasl159"]
[Result "1-0"]
[WhiteElo "2017"]
[BlackElo "1425"]

1. e4 e5 2. Nf3 Nc6 3. Be2 Nf6 4. d3 Bc5 5. Nc3 O-O 6. Bg5 Re8 7. Nd5 Nd4 8.
Nxf6+ gxf6 9. Bh4 Kh8 10. Nxd4 exd4 11. Bg4 d5 12. Qf3 dxe4 13. dxe4 Bxg4 14.
Bxf6+ 1-0

[Event "AUTO-OPEN-4623"]
[Site "http://www.queenalice.com/game.php?id=1865326"]
[Date "2025.11.8"]
[Round "1"]
[White "Tonto"]
[Black "LMP1989"]
[Result "0-1"]
[WhiteElo "1978"]
[BlackElo "2186"]

1. e4 c5 2. Nf3 Nc6 3. Be2 g6 4. d3 Bg7 5. O-O Nf6 6. Nc3 O-O 7. Bf4 d5 8. exd5
Nxd5 9. Nxd5 Qxd5 10. c4 Qd8 11. Rb1 a5 12. Ng5 e5 13. Be3 Nd4 14. b3 f5 15. Nf3
Qc7 16. Bxd4 cxd4 17. b4 axb4 18. Rxb4 Rxa2 19. Ng5 Qe7 20. c5 Rxe2 21. Qxe2
Qxg5 22. Qa2+ Kh8 23. c6 bxc6 24. Rb8 f4 25. Qa8 f3 26. g3 Qg4 27. Qxc6 Qh3 28.
Qxf3 Rxf3 29. Rc1 Rf8 30. Rf1 Qf5 31. f4 Qxd3 32. Kg2 Bh3+ 0-1

[Event "AUTO-OPEN-4623"]
[Site "http://www.queenalice.com/game.php?id=1865327"]
[Date "2025.11.8"]
[Round "1"]
[White "LMP1989"]
[Black "Tonto"]
[Result "1-0"]
[WhiteElo "2192"]
[BlackElo "1967"]

1. c4 Nf6 2. Nc3 e5 3. g3 Be7 4. Bg2 Nc6 5. e4 d6 6. h3 Be6 7. d3 O-O 8. Nge2 a6
9. O-O Na7 10. Kh2 b5 11. b3 b4 12. Nd5 Bxd5 13. cxd5 c6 14. dxc6 Nxc6 15. f4
Nd7 16. f5 Nf6 17. Bg5 h6 18. Bxf6 Bxf6 19. Rc1 Na7 20. Qd2 Bg5 21. Nf4 exf4 22.
gxf4 Bf6 23. d4 a5 24. e5 dxe5 25. Bxa8 Qxa8 26. dxe5 Bh4 27. f6 g5 28. Rg1 Rd8
29. Qe3 Nb5 30. fxg5 hxg5 31. Rxg5+ Bxg5 32. Qxg5+ Kf8 33. Qg7+ Ke8 34. Qg8+ Kd7
35. Qxf7# 1-0

[Event "AUTO-OPEN-4552"]
[Site "http://www.queenalice.com/game.php?id=1866400"]
[Date "2025.11.30"]
[Round "3"]
[White "Tonto"]
[Black "BeatifulDevil56"]
[Result "0-1"]
[WhiteElo "2055"]
[BlackElo "2082"]

1. e4 e6 2. d4 d5 3. e5 c5 4. Nf3 cxd4 5. Nxd4 Bc5 6. Nb3 b6 7. N1d2 Ne7 8. Nf3
O-O 9. c4 Bb7 10. Be2 Bb4+ 11. Bd2 Bxd2+ 12. Nbxd2 Ng6 13. O-O Nd7 14. cxd5 Bxd5
15. Nc4 Rc8 16. Qa4 Ra8 17. Nd6 Ndxe5 18. Ng5 Qxg5 19. g3 Qe7 20. Nb5 Bf3 21.
Bxf3 Nxf3+ 22. Kg2 Nfe5 23. Qe4 Rab8 24. Rad1 f5 25. Qa4 f4 26. Nd4 fxg3 27.
hxg3 Nh4+ 28. Kh3 Qg5 29. Nxe6 Qf5+ 30. g4 Qxe6 31. f4 Qxg4+ 0-1

[Event "AUTO-OPEN-4552"]
[Site "http://www.queenalice.com/game.php?id=1866401"]
[Date "2025.11.30"]
[Round "3"]
[White "BeatifulDevil56"]
[Black "Tonto"]
[Result "0-1"]
[WhiteElo "2127"]
[BlackElo "1946"]

1. Nf3 e6 2. d4 d5 3. c4 Nf6 4. c5 Nc6 5. e3 Be7 6. Bb5 Bd7 7. Ne5 Nxe5 8. Bxd7+
Nexd7 9. Nc3 c6 10. O-O O-O 11. b4 b6 12. Rb1 a5 13. a3 b5 14. Bd2 axb4 15. axb4
Ne4 16. Nxe4 dxe4 17. Qc2 Nf6 18. Ra1 Qd5 0-1

[Event "AUTO-ADV-4911"]
[Site "http://www.queenalice.com/game.php?id=1867620"]
[Date "2026.1.7"]
[Round "1"]
[White "Daniel1962"]
[Black "Tonto"]
[Result "0-1"]
[WhiteElo "1773"]
[BlackElo "1998"]

1. e4 e5 2. Nf3 Nc6 3. Bb5 d6 4. Bxc6+ bxc6 5. d3 Be7 6. Be3 Nf6 7. Nc3 O-O 8.
h3 Be6 9. g4 Nd7 10. d4 Bf6 11. dxe5 Nxe5 12. Nxe5 Bxe5 13. f4 Bxc3+ 14. bxc3
Qh4+ 15. Kd2 d5 16. exd5 Bxd5 17. Rh2 Qg3 18. Qg1 Qxg1 19. Bxg1 Rfe8 20. f5 Bc4
21. h4 Rad8+ 22. Kc1 Re1+ 23. Kb2 Rb8+ 24. Ka3 Rxa1 25. Bd4 Rxa2# 0-1

[Event "AUTO-ADV-4911"]
[Site "http://www.queenalice.com/game.php?id=1867621"]
[Date "2026.1.7"]
[Round "1"]
[White "Tonto"]
[Black "Daniel1962"]
[Result "1-0"]
[WhiteElo "1974"]
[BlackElo "1781"]

1. e4 e5 2. Nf3 d6 3. Be2 Bg4 4. d3 Nc6 5. Nc3 Nd4 6. Nxd4 exd4 7. Bxg4 dxc3 8.
bxc3 Nf6 9. Bg5 Be7 10. O-O Nxg4 11. Bxe7 Qxe7 12. Re1 Qf6 13. Qxg4 g6 14. e5
dxe5 15. d4 Rd8 16. Qh3 O-O 17. dxe5 Qc6 18. Rad1 Rde8 19. Rd3 Qa4 20. Rd7 f5
21. Qxh7# 1-0

[Event "AUTO-ADV-4911"]
[Site "http://www.queenalice.com/game.php?id=1867640"]
[Date "2026.1.7"]
[Round "1"]
[White "Tonto"]
[Black "Carlos19"]
[Result "1-0"]
[WhiteElo "2032"]
[BlackElo "1703"]

1. e4 e5 2. Nf3 Nc6 3. Be2 Nf6 4. d3 Bc5 5. O-O h6 6. Nc3 Nd4 7. Nxe5 O-O 8. Ng4
Nxe2+ 9. Qxe2 d6 10. Ne3 Bxe3 11. Qxe3 a6 12. Qg3 g5 13. f4 Bg4 14. fxg5 hxg5
15. Bxg5 b5 16. Bxf6 Qd7 17. Qh4 1-0

[Event "AUTO-OPEN-4633"]
[Site "http://www.queenalice.com/game.php?id=1867761"]
[Date "2026.1.9"]
[Round "1"]
[White "MarcosT"]
[Black "Tonto"]
[Result "0-1"]
[WhiteElo "2040"]
[BlackElo "2025"]

1. d4 d5 2. e3 Nf6 3. Nd2 e6 4. Bd3 Bd6 5. f4 Nc6 6. c3 Bd7 7. Ngf3 Ng4 8. Qe2
O-O 9. O-O Re8 10. Ng5 e5 11. Bxh7+ Kf8 12. Nxf7 Qh4 13. h3 Qxh7 14. hxg4 Kxf7
15. fxe5+ Ke6 16. exd6 Rh8 17. Nf3 Kxd6 18. b3 Bxg4 19. Qf2 Qh1# 0-1

[Event "AUTO-OPEN-4633"]
[Site "http://www.queenalice.com/game.php?id=1867795"]
[Date "2026.1.9"]
[Round "1"]
[White "josebaron"]
[Black "Tonto"]
[Result "1-0"]
[WhiteElo "2183"]
[BlackElo "2035"]

1. e4 e5 2. Nf3 Nc6 3. d4 exd4 4. Nxd4 Ne5 5. Bd3 d6 6. Nf3 Bg4 7. Be2 Nf6 8.
Nxe5 Bxe2 9. Qxe2 dxe5 10. O-O Be7 11. Rd1 Bd6 12. Bg5 O-O 13. Nc3 h6 14. Bh4 c6
15. Qf3 Qe7 16. Bxf6 gxf6 17. Rd3 Kh8 18. Rad1 Rad8 19. Ne2 Rg8 20. Ng3 Rg6 21.
Nf5 Qe6 22. Rxd6 Rxd6 23. Rxd6 Qxa2 24. Ne7 Qa1+ 25. Rd1 1-0